LEADER 02256nam 2200421 450 001 9910426043903321 005 20210316160915.0 010 $a3-030-55936-X 024 7 $a10.1007/978-3-030-55936-6 035 $a(CKB)4100000011558552 035 $a(DE-He213)978-3-030-55936-6 035 $a(MiAaPQ)EBC6455836 035 $a(PPN)252509986 035 $a(EXLCZ)994100000011558552 100 $a20210316d2020 uy 0 101 0 $aeng 135 $aurnn|008mamaa 181 $ctxt$2rdacontent 182 $cc$2rdamedia 183 $acr$2rdacarrier 200 13$aAn introduction to cold and ultracold chemistry $eatoms, molecules, ions and Rydbergs /$fJesu?s Pe?rez Ri?os 205 $a1st ed. 2020. 210 1$aCham, Switzerland :$cSpringer,$d[2020] 210 4$dİ2020 215 $a1 online resource (XIX, 267 p. 114 illus., 92 illus. in color.) 311 $a3-030-55935-1 330 $aThis book provides advanced undergraduate and graduate students with an overview of the fundamentals of cold and ultracold chemistry. Beginning with definitions of what cold and ultracold temperatures mean in chemistry, the book then takes the student through the essentials of scattering theory (classical and quantum mechanical), light-matter interaction, reaction dynamics and Rydberg physics. The author aims to show the reader the richness of the topic while motivating students to understand the fundamentals of these intriguing reactions and underlying connecting relationships. Including material which was previously only found in specialized review articles, this book provides students working in the fields of ultracold gases, chemical physics and physical chemistry with the tools they need to immerse themselves in the realm of cold and ultracold chemistry. This book opens up the exciting chemical laws which govern chemistry at low temperatures to the next generation of researchers. 606 $aCryochemistry 615 0$aCryochemistry. 676 $a541.3686 700 $aRi?os$b Jesu?s Pe?rez$0953806 801 0$bMiAaPQ 801 1$bMiAaPQ 801 2$bMiAaPQ 906 $aBOOK 912 $a9910426043903321 996 $aAn introduction to cold and ultracold chemistry$92156583 997 $aUNINA LEADER 01770nas 2200577- 450 001 9910137136303321 005 20241204164232.0 011 $a2351-8200 035 $a(OCoLC)965391684 035 $a(CKB)3710000000765873 035 $a(CONSER)--2017268501 035 $a(DE-599)ZDB2857597-0 035 $a(EXLCZ)993710000000765873 100 $a20161206a20149999 o-- a 101 0 $aeng 135 $aur||||||||||| 181 $ctxt$2rdacontent 182 $cc$2rdamedia 183 $acr$2rdacarrier 200 00$aJournal of medical and surgical research 210 1$aRabat, Morocco :$cIMIST,$d2014- 215 $a1 online resource 300 $aRefereed/Peer-reviewed 517 1 $aJMSR 531 0 $aJ. of med. and surg. res. 606 $aMedical sciences$vPeriodicals 606 $aMedical sciences$xResearch$vPeriodicals 606 $aSurgery$vPeriodicals 606 $aSurgery$xResearch$vPeriodicals 606 $aMedical sciences$2fast$3(OCoLC)fst01014601 606 $aMedical sciences$xResearch$2fast$3(OCoLC)fst01014611 606 $aSurgery$2fast$3(OCoLC)fst01139351 606 $aSurgery$xResearch$2fast$3(OCoLC)fst01139378 606 $aBiomedical Research 606 $aGeneral Surgery 608 $aPeriodicals.$2fast 608 $aPeriodical. 615 0$aMedical sciences 615 0$aMedical sciences$xResearch 615 0$aSurgery 615 0$aSurgery$xResearch 615 7$aMedical sciences. 615 7$aMedical sciences$xResearch. 615 7$aSurgery. 615 7$aSurgery$xResearch. 615 2$aBiomedical Research. 615 2$aGeneral Surgery. 906 $aJOURNAL 912 $a9910137136303321 996 $aJournal of medical and surgical research$91998043 997 $aUNINA